| 000 | 00504 a2200169 4500 | ||
|---|---|---|---|
| 003 | OSt | ||
| 005 | 20260310124817.0 | ||
| 008 | 260310b |||||||| |||| 00| 0 eng d | ||
| 020 | _a9798896995067 | ||
| 040 | _coclc | ||
| 082 |
_a658.11 _bPUR/A |
||
| 100 |
_aPurohit, Archana _910633 |
||
| 245 |
_aAgency Adda: The Ultimate Agency Blueprint / _cArchana Purohit |
||
| 260 |
_aIndia: _bNotion Press, _c2025. |
||
| 300 | _a178 pages | ||
| 942 |
_2ddc _cBK _h658.11 _iPUR/A _k658.11 _mPUR/A |
||
| 999 |
_c44725 _d44725 |
||